Η ιστορία της μουσικής : από την αρχαιότητα ως σήμερα
Αποθηκεύτηκε σε:
| Κύριος συγγραφέας: | |
|---|---|
| Μορφή: | Βιβλίο |
| Γλώσσα: | Greek German |
| Δημοσίευση: |
Σλοβενία :
Ελευθερουδάκης : h.f.ullman,
c2008.
|
| Θέματα: | |
| Ετικέτες: |
Προσθήκη ετικέτας
Δεν υπάρχουν, Καταχωρήστε ετικέτα πρώτοι!
|
MARC
| LEADER | 00000cam a2200000 a 4500 | ||
|---|---|---|---|
| 001 | 1/121701 | ||
| 008 | 200708t2008####gr | ||| |||| ||gre|| | ||
| 020 | |a 9783833149658 | ||
| 040 | |a GR-MyUa |b gre |c GR-MyUa |e AACR2 | ||
| 041 | 1 | |a gre |h ger | |
| 082 | 7 | |a 780.9 |2 (23) | |
| 100 | 1 | |a Lord, Maria. | |
| 245 | 1 | 2 | |a Η ιστορία της μουσικής : |b από την αρχαιότητα ως σήμερα / |c Maria Lord με τη συνεργασια του John Snelson. |
| 260 | |a Σλοβενία : |b Ελευθερουδάκης : |b h.f.ullman, |c c2008. | ||
| 300 | |a 120 σ. ; |c 30 εκ. | ||
| 650 | 0 | |a Music |x History and criticism. | |
| 700 | 1 | |a Snelson, John, |e oth | |
| 852 | |a INST |b SAMOS |e 20200708 |h 780.9 LOR |p 005300046525 |q 005300046525 |t BK |y 0 | ||
| 920 | |a Τραγάκη |b Ζαφειρούλα |y Σάμος |z 2019-04 | ||
| 970 | |a Φιλιππή |b Φάλη |z 08-07-2020 | ||